| 000 | 00579cam a2200229 4500 | ||
|---|---|---|---|
| 001 | J61256 | ||
| 008 | 000000n2000 000 0 eng u | ||
| 035 | _a(Sirsi) u105921 | ||
| 041 | _aeng | ||
| 050 | _a333.336 | ||
| 110 |
_aCB Hillier Parker _93660 |
||
| 245 | _aHigh bay warehouses - 1999 annual review | ||
| 260 |
_aLondon _bCB Hillier Parker _c2000 |
||
| 300 | _a(6)p. ; 30cm. | ||
| 650 | _aHIGH BAY WAREHOUSES | ||
| 650 | _aLAND PRICES | ||
| 650 | _aLAND VALUES | ||
| 650 | _aRENT | ||
| 650 | _aYIELDS | ||
| 690 | _aPROPERTY-COMMERCIAL PROPERTY | ||
| 942 | _n0 | ||
| 999 |
_c100498 _d100498 |
||